Penilaian tahap kecekapan (ptk) : rujukan peperiksaan untuk guru-guru lepasan diploma dan ijazah

Bibliographic Details
Format: Book
Published: Kuala Lumpur : MDC , 2007
Subjects:

MARC

LEADER 00000cam a2200000 7i4500
001 0000021228
005 20080310.0
008 071205
020 |a 9677010344 
040 |a INS 
090 0 0 |a LP1765.M4   |b P46 2007 
245 1 0 |a Penilaian tahap kecekapan (ptk) :   |b rujukan peperiksaan untuk guru-guru lepasan diploma dan ijazah 
260 |a Kuala Lumpur :   |b MDC ,   |c 2007 
300 |a iii, 739ms. :   |b il. ;   |c 25cm. 
650 0 0 |a National teacher examination   |z Malaysia 
650 0 0 |a Teachers   |z Malaysia   |x Examinations 
999 |a 0000019693   |b BOOK   |c Open Shelf   |e Default branch